00553nam a2200157Ia 4500008004100000082002000041100001600061245003500077260002900112300001000141630003400151650005300185942000900238952013100247999001700378211118s9999||||xx |||||||||||||| ||und|| a894.8123bMUK-M aMukundan, M 0aMayyazhipuzhayute Theerangalil bDC BooksaKottayamc2000 a323p. xMalayalam NovelsGeneral Stack aMalayalam LiteraturevMalayalam FictionGeneralia cBOOK 00104070aSBCLbSBCLc2d2021-11-18g100.00l28o894.8123 MUK-Mp00103182r2026-02-19 10:02:24s2026-02-03w2021-11-18yBOOK c97820d97820